00424 a2200133 4500001001000000005001700010008004100027245008000068100002500148700002500173700002400198773005100222999001700273ART_4668220260410162040.0260409a 10aLa sostenibilidad fiscal y la política de balance cíclicamente ajustado1 aVillena, Mauricio G.1 aGamboni, Cristóbal1 aTomaselli, Andrés0 tRevista Cepalg- Nº 124 (abr. 2018)wREV45125 c34761d34761